| Tag |
First Indicator |
Second Indicator |
Subfields |
| LEADER |
00000cam a2200000Ia 4500 |
| 001 |
in00003717521 |
| 005 |
20170926144742.0 |
| 008 |
000828s1999 tu abf b 001 0 tur d |
| 020 |
|
|
|z 9727538884
|
| 035 |
|
|
|a (OCoLC)ocm44889749
|
| 035 |
|
|
|a (OCoLC)44889749
|
| 040 |
|
|
|a DGU
|b eng
|c DGU
|d TVG
|d OCLCG
|d OCLCF
|d OCLCO
|d OCLCQ
|d OCLCO
|d TXA
|d UtOrBLW
|
| 041 |
1 |
|
|a tur
|h ger
|
| 043 |
|
|
|a a-tu---
|
| 049 |
|
|
|a TXAM
|
| 050 |
|
4 |
|a DS156.L8
|b B6719 1999
|
| 100 |
1 |
|
|a Borchhardt, Jürgen.
|
| 240 |
1 |
0 |
|a Die Steine von Zemuri.
|l Turkish
|
| 245 |
1 |
0 |
|a Limyra, zemuri taşları :
|b Likya bölgesi'nde Limyra antik kenti'nin gizemli sularında yapılan arkeolojik araştırmalar /
|c Jürgen Borchhardt ; çeviri, Gulay Yümer ; katkıda bulunanlar, W. Bauer [and others] ; fotoğraflar, Renate ve Wolfgang Schiele [and others].
|
| 250 |
|
|
|a 1. baskı.
|
| 300 |
|
|
|a 160 pages, 34 unnumbered pages of plates :
|b illustrations (some color, some folded), maps ;
|c 25
|
| 336 |
|
|
|a text
|b txt
|2 rdacontent
|
| 337 |
|
|
|a unmediated
|b n
|2 rdamedia
|
| 338 |
|
|
|a volume
|b nc
|2 rdacarrier
|
| 504 |
|
|
|a Includes bibliographical references (pages 147-153) and index.
|
| 500 |
|
|
|a Translation of: Die Steine von Zemuri : archäologische Forschungen an den verborgenen Wassern von Limyra.
|
| 650 |
|
0 |
|a Excavations (Archaeology)
|z Turkey
|z Lycia.
|
| 650 |
|
0 |
|a Excavations (Archaeology)
|z Turkey
|z Antalya.
|
| 651 |
|
0 |
|a Antalya (Turkey)
|x Antiquities.
|
| 651 |
|
0 |
|a Lycia
|x Antiquities.
|
| 650 |
|
4 |
|a Kazılar (Arkeoloji)
|z Türkiye
|z Likya.
|
| 650 |
|
4 |
|a Kazılar (Arkeoloji)
|z Türkiye
|z Antalya.
|
| 651 |
|
4 |
|a Antalya (Türkiye)
|x Eski eserler.
|
| 651 |
|
4 |
|a Likya
|x Eski eserler.
|
| 650 |
|
7 |
|a Antiquities.
|2 fast
|0 (OCoLC)fst00810745
|
| 650 |
|
7 |
|a Excavations (Archaeology)
|2 fast
|0 (OCoLC)fst00917564
|
| 651 |
|
7 |
|a Asia
|z Lycia.
|2 fast
|0 (OCoLC)fst01231045
|
| 651 |
|
7 |
|a Turkey
|z Antalya.
|2 fast
|0 (OCoLC)fst01205430
|
| 700 |
1 |
|
|a Bauer, Werner T.,
|d 1958-
|0 http://id.loc.gov/authorities/names/n90611452
|
| 700 |
1 |
|
|a Schiele, Renate.
|0 http://id.loc.gov/authorities/names/n90644500
|
| 948 |
|
|
|a cataloged
|b h
|c 2016/9/16
|d c
|e fpiscitelli
|f 12:48:09 pm
|
| 994 |
|
|
|a C0
|b TXA
|
| 999 |
f |
f |
|s 149534a9-99e5-3dd5-b967-e43f4418220d
|i 9e43ed68-6d9c-358b-928e-857257a1ff81
|t 0
|
| 952 |
f |
f |
|p noncirc
|a Texas A&M University
|b College Station
|c Sterling C. Evans Library
|d Bodrum (located in Turkey)
|t 0
|e DS156.L8 B6719 1999
|h Library of Congress classification
|i unmediated -- volume
|
| 998 |
f |
f |
|a DS156.L8 B6719 1999
|t 0
|l Bodrum (located in Turkey)
|